[Event "Frome op"]
[Site "Frome"]
[Date "2009.05.10"]
[Round "4"]
[White "Zhu, Hui"]
[Black "Stanton, Colin"]
[Result "0-1"]
[WhiteElo "2029"]
[BlackElo "1432"]
[PlyCount "56"]
[EventDate "2009.05.08"]
[EventType "swiss"]
[EventRounds "5"]
[EventCountry "ENG"]
[SourceTitle "CBM 130 Extra"]
[Source "ChessBase"]
[SourceDate "2009.07.02"]
[SourceVersion "2"]
[SourceVersionDate "2009.07.15"]
[SourceQuality "1"]

1. e4 c5 2. Nf3 Nc6 3. d4 cxd4 4. Nxd4 Nf6 5. Nc3 e5 6. Ndb5 d6 7. Nd5 Nxd5 8. exd5 Ne7 9. c4 Ng6 10. Bd3 Be7 11. 0-0 f5 12. b4 a6 13. Nc3 b6 14. Be3 0-0 15. Rc1 e4 16. Bb1 Bg5 17. Bxg5 Qxg5 18. f4 Nxf4 19. Rc2 Rf6 20. Qd2 Nh3+ 21. Kh1 e3 22. Qe2 Nf2+ 23. Rxf2 exf2 24. Qxf2 Bd7 25. h3 Re8 26. Qxb6 Re1+ 27. Kh2 Qf4+ 28. g3 Qf1 0-1

[Event "Frome op"]
[Site "Frome"]
[Date "2009.05.08"]
[Round "1"]
[White "Pleasants, Allan J"]
[Black "Stanton, Colin"]
[Result "1-0"]
[WhiteElo "2088"]
[BlackElo "1432"]
[PlyCount "67"]
[EventDate "2009.05.08"]
[EventType "swiss"]
[EventRounds "5"]
[EventCountry "ENG"]
[SourceTitle "CBM 130 Extra"]
[Source "ChessBase"]
[SourceDate "2009.07.02"]
[SourceVersion "2"]
[SourceVersionDate "2009.07.15"]
[SourceQuality "1"]

1. Nf3 Nf6 2. g3 Nc6 3. d4 e6 4. Bg2 Be7 5. 0-0 d6 6. c4 0-0 7. Nc3 Nd7 8. e4 Qe8 9. Qe2 Nd8 10. Nb5 Nc6 11. Nxc7 Qd8 12. Nxa8 f5 13. exf5 Rxf5 14. Qxe6+ Rf7 15. Qe2 Bf6 16. Be3 Nf8 17. Qd2 Bf5 18. Ng5 Bxg5 19. Bxg5 Qxa8 20. Rfe1 Qc8 21. c5 Ne6 22. Be3 dxc5 23. d5 Rd7 24. dxc6 Rxd2 25. cxb7 Qb8 26. Bxd2 Nc7 27. Bf4 Qd8 28. Rad1 Bd3 29. Rxd3 Qxd3 30. b8Q+ Kf7 31. Qxc7+ Kg6 32. Re6+ Kh5 33. Qe5+ Kg4 34. h3# 1-0

[Event "Yeovil op"]
[Site "Yeovil"]
[Date "2008.06.14"]
[Round "3"]
[White "Wilkinson, John R"]
[Black "Stanton, Colin"]
[Result "0-1"]
[WhiteElo "1848"]
[BlackElo "1536"]
[PlyCount "40"]
[EventDate "2008.06.13"]
[EventType "swiss"]
[EventRounds "5"]
[EventCountry "ENG"]
[SourceTitle "CBM 125 Extra"]
[Source "ChessBase"]
[SourceDate "2008.09.01"]
[SourceVersion "1"]
[SourceVersionDate "2008.09.01"]
[SourceQuality "1"]

1. e4 c5 2. Nf3 d6 3. Nc3 Nf6 4. d4 cxd4 5. Nxd4 g6 6. Be3 Bg7 7. Be2 0-0 8. 0-0 Nc6 9. h3 Bd7 10. Qd2 Qc8 11. Nb3 Rd8 12. Bh6 Bh8 13. Qe3 Ne5 14. Nd2 a6 15. f4 Nc6 16. a3 Ng4 17. Qg3 Nxh6 18. Qg5 Bd4+ 19. Kh2 Kg7 20. Nd5 f6 0-1

[Event "Yeovil Major op"]
[Site "Yeovil"]
[Date "2007.06.15"]
[Round "1"]
[White "Anderson, Thomas R"]
[Black "Stanton, Colin"]
[Result "1-0"]
[WhiteElo "1792"]
[BlackElo "1592"]
[PlyCount "75"]
[EventDate "2007.06.15"]
[EventType "swiss"]
[EventRounds "5"]
[EventCountry "ENG"]
[SourceTitle "CBM 119 Extra"]
[Source "ChessBase"]
[SourceDate "2007.09.04"]
[SourceVersion "1"]
[SourceVersionDate "2007.09.04"]
[SourceQuality "1"]

1. d4 Nf6 2. c4 g6 3. Nc3 d5 4. cxd5 Nxd5 5. e4 Nxc3 6. bxc3 Bg7 7. Bc4 c5 8. Ne2 0-0 9. Be3 Nc6 10. Rc1 Na5 11. Bd3 c4 12. Bb1 b6 13. h4 Bd7 14. h5 Qc8 15. hxg6 fxg6 16. Qd2 Rf7 17. 0-0 Qf8 18. f4 Rd8 19. Ng3 e6 20. e5 Bc6 21. Ne4 Nb7 22. Ng5 Re7 23. Qe2 b5 24. Nxh7 Kxh7 25. Qh5+ Bh6 26. Bxg6+ Kg8 27. Rce1 Be8 28. f5 Bxe3+ 29. Rxe3 Bxg6 30. Qxg6+ Qg7 31. Qh5 Qh7 32. Rg3+ Rg7 33. Rxg7+ Kxg7 34. Qg5+ Kf8 35. fxe6+ Ke8 36. Rf7 Qb1+ 37. Kh2 Rd7 38. Qg8# 1-0